000 00290 a2200133 4500
001 48040
040 _cAnchieta - Aquarius
100 _aAlencar, José de
240 1 0 _aA pata da gazela
_lpor
245 1 0 _aA pata da gazela
300 _a63
650 4 _aLiteratura brasileira
942 _cBK
999 _c48040
_d48040